000 00922nam2a22002291 4500
001 rc\1077940
005 20250622192605.0
035 _a(NLR Aleph) 006380256
090 _a5074672
_c5074672
100 _a20041126d1989 |||y0rusy50 ca
101 0 _arus
102 _aRU
105 _ay |||||||||
200 0 _aТ. 6
210 _d1989
_aБ. м.
215 _a448 с.
461 0 _1001rc\1077934
_12001#$aСвод законов Киргизской ССР$fПрезидиум Верховного Совета КиргССР, Совет Министров КиргССР$vТ. 6
_95074625
_cФрунзе
_d1984
_fПрезидиум Верховного Совета КиргССР, Совет Министров КиргССР
_nКыргызстан
_tСвод законов Киргизской ССР
_vТ. 6
801 0 _aRU
_bNLR
_gpsbo
801 1 _aRU
_bELAR
_2rusmarc
852 _aNLR
_j84-8/956
942 _cBOOK
980 _aNB